BIOLOGY OF AGING (Record no. 26800)

MARC details
000 -LEADER
fixed length control field 00321nam a22001577a 4500
003 - CONTROL NUMBER IDENTIFIER
control field SGT
020 ## - INTERNATIONAL STANDARD BOOK NUMBER
International Standard Book Number 9780195167399
082 ## - DEWEY DECIMAL CLASSIFICATION NUMBER
Classification number 150,ARK
100 ## - MAIN ENTRY--PERSONAL NAME
Personal name ARKING, ROBERT
245 ## - TITLE STATEMENT
Title BIOLOGY OF AGING
250 ## - EDITION STATEMENT
Edition statement 3RD
260 ## - PUBLICATION, DISTRIBUTION, ETC. (IMPRINT)
Place of publication, distribution, etc NEW DELHI
Name of publisher, distributor, etc OXFORD
Year of Publication 2006
300 ## - PAGE DESCRIPTION
No. of Pages 604
650 ## - SUBJECT ADDED ENTRY--TOPICAL TERM
Topical term or geographic name as entry element PSYCHOLOGY
942 ## - ADDED ENTRY ELEMENTS (KOHA)
Source of classification or shelving scheme Dewey Decimal Classification
Koha item type Books
Holdings
Withdrawn status Lost status Source of classification or shelving scheme Damaged status Use restrictions Not for loan Collection code Home library Current library Shelving location Date acquired Vendor Name Cost, normal purchase price SGTU Bill Number Total Checkouts Full call number Accession No. (Barcode) Date last seen Bill Date Koha item type
    Dewey Decimal Classification   Restricted Access Not For Loan ENGINEERING SGT Engineering Library SGT Engineering Library Reference Book 21/08/2024 AHUJA BOOK COMPANY 16531.00 SGTU 19217   150,ARK FE9149 21/08/2024 10/07/2024 Books
    Dewey Decimal Classification   Restricted Access Not For Loan ENGINEERING SGT Engineering Library SGT Engineering Library Reference Book 21/08/2024 AHUJA BOOK COMPANY 16531.00 SGTU 19217   150,ARK FE9150 21/08/2024 10/07/2024 Books